000 00441nam a2200181Ia 4500
008 090124s9999 xx 000 0 und d
082 _b119103
100 _aआचार्य नयना.
245 _a तलफ
250 _a1
260 _c1982
300 _a166
600 _aआचार्य नयना.
630 _a तलफ
700 _aआचार्य नयना.
730 _a तलफ
942 _cBOOK
999 _c165189
_d165189